000 00479nam a2200181Ia 4500
001 16473
005 20260306170312.0
008 260306t2022||||xx |||||||||||||| ||und||
041 _aESP
082 _a348.6
_bJ54C
100 _aJiménez Coronado, Ludmin Gustavo
_eAUT
245 0 _aCompendio laboral:
_blegislación, jurisprudencia y casos prácticos
260 _c2022
300 _a574 páginas :
_c25 cm.
650 _aGEN
654 _aCDE
942 _cLIB
_dJUS
_fJUS
_2ddc
_n
999 _c16473
_d16473